El gobierno de las élites globales: cómo se organiza el consentimiento la experiencia del Triángulo Norte /
El análisis se centra en examinar cómo se configura el consentimiento en la experiencia del Triángulo Norte a través del gobierno de las élites globales. Se explora cómo estas élites organizan su influencia y poder para asegurar la conformidad de la población en esta región. El estudio aborda las di...
Uloženo v:
| Hlavní autor: | |
|---|---|
| Médium: | Kniha |
| Jazyk: | Spanish |
| Vydáno: |
Guatemala:
INGEP; Editorial Cara Parens,
2015
|
| Témata: | |
| Tagy: |
Přidat tag
Žádné tagy, Buďte první, kdo vytvoří štítek k tomuto záznamu!
|
MARC
| LEADER | 00000nam a2200000 4500 | ||
|---|---|---|---|
| 003 | cru CIDCACS/IIS | ||
| 005 | 20230829212016.0 | ||
| 008 | 200227s2015 gt |||||r|||||||| ||spa|d | ||
| 040 | |c cru CIDCACS/IIS | ||
| 090 | |a 03.03.01 V145g | ||
| 100 | 1 | |a Valdez, José Fernando |9 9107 | |
| 245 | 1 | 3 | |a El gobierno de las élites globales: |b cómo se organiza el consentimiento la experiencia del Triángulo Norte / |c J. Fernando Valdez |
| 260 | |a Guatemala: |b INGEP; |b Editorial Cara Parens, |c 2015 | ||
| 300 | |a 347 páginas | ||
| 520 | 3 | |a El análisis se centra en examinar cómo se configura el consentimiento en la experiencia del Triángulo Norte a través del gobierno de las élites globales. Se explora cómo estas élites organizan su influencia y poder para asegurar la conformidad de la población en esta región. El estudio aborda las dinámicas que permiten a estas élites globales mantener y ejercer su dominio en áreas como la política, la economía y la sociedad en el Triángulo Norte. Se discute cómo se establecen y mantienen estructuras de poder que perpetúan su posición dominante y cómo estas dinámicas afectan la participación ciudadana y la toma de decisiones en la región. El análisis busca comprender cómo se establece el consenso en este contexto y las implicaciones que esto tiene para la democracia y el desarrollo en el Triángulo Norte. RAR 07/2023 | |
| 650 | 0 | 0 | |2 OCDE |9 3137 |a ELITE |
| 650 | 0 | 0 | |2 OCDE |9 4911 |a GOBIERNO |
| 650 | 0 | 0 | |2 OCDE |9 1026 |a PODER |
| 650 | 0 | 0 | |2 OCDE |9 11602 |a PARTICIPACION ACTIVA |
| 650 | 0 | 0 | |2 OCDE |9 143 |a ECONOMIA |
| 650 | 0 | 0 | |2 OCDE |9 4562 |a DOMINACION |
| 650 | 0 | 0 | |2 OCDE |9 83 |a DEMOCRACIA |
| 650 | 0 | 0 | |2 OCDE |9 3294 |a DESARROLLO |
| 650 | 0 | 4 | |2 OCDE |9 1918 |a PODER POLITICO |
| 942 | |2 ddc |c LI | ||
| 999 | |c 42276 |d 42276 | ||
